NBA First-Ballot Hall of Famers - Statistics

General Stats
  • This quiz has been taken 10,884 times
    10,880 since last reset
  • The average score is 18 of 32
Answer Stats
Year Inducted Answer % Correct
2009 Michael Jordan
96%
1998 Larry Bird
85%
2002 Magic Johnson
83%
1975 Bill Russell
82%
1979 Wilt Chamberlain
77%
2010 Karl Malone
74%
2001 Moses Malone
73%
2010 Scottie Pippen
73%
1980 Jerry West
69%
1971 Bob Cousy
66%
2009 John Stockton
66%
1995 Kareem Abdul Jabbar
64%
2006 Charles Barkley
63%
2009 David Robinson
63%
2008 Hakeem Olajuwon
63%
2008 Patrick Ewing
59%
1980 Oscar Robertson
58%
2000 Isiah Thomas
57%
1959 George Mikan
55%
1993 Julius Erving
55%
1999 Kevin McHale
53%
1977 Elgin Baylor
51%
1971 Bob Pettit
48%
2004 Clyde Drexler
48%
1984 John Havlicek
48%
2003 Robert Parish
39%
1993 Bill Walton
38%
1990 Elvin Hayes
32%
1997 Alex English
20%
1980 Jerry Lucas
12%
1983 Bill Bradley
7%
1960 Ed Macauley
3%
No matching quizzes found
Score Distribution
Percent of People with Each Score
Percentile by Number Answered
Your Score History
You have not taken this quiz since the last reset